000 nam a22 7a 4500
999 _c9350
_d9350
008 180129b ||||| |||| 00| 0 eng d
100 _aLevin,L.
_95599
245 _aHuman Rights: Questions Answers
260 _aNew delhi
_bNBT
_c2007